书目信息 |
| 题名: |
英美短篇小说的结构修辞
|
|
| 作者: | 宋建福 著 | |
| 分册: | ||
| 出版信息: | 长春 吉林大学出版社 2020.05 |
|
| 页数: | 251页 | |
| 开本: | 25cm | |
| 丛书名: | 学者文库 | |
| 单 册: | ||
| 中图分类: | I561.074 , I712.074 | |
| 科图分类: | ||
| 主题词: | 短篇小说--修辞方法--研究--英国 , 短篇小说--修辞方法--研究--美国 | |
| 电子资源: | ||
| ISBN: | 978-7-5692-6521-7 | |
| 000 | 01165oam2 2200289 450 | |
| 001 | 0102100422 | |
| 005 | 20210402100821.0 | |
| 010 | @a978-7-5692-6521-7@b精装@dCNY95.00 | |
| 100 | @a20200918d2020 em y0chiy50 ea | |
| 101 | 0 | @achi |
| 102 | @aCN@b220000 | |
| 105 | @ay z 000yy | |
| 106 | @ar | |
| 200 | 1 | @a英美短篇小说的结构修辞@Aying mei duan pian xiao shuo de jie gou xiu ci@f宋建福著 |
| 210 | @a长春@c吉林大学出版社@d2020.05 | |
| 215 | @a251页@d25cm | |
| 225 | 2 | @a学者文库 |
| 300 | @a汇聚学者科研重要著作传播学者研究最新成果 | |
| 330 | @a本书通过对照的方式,对短篇小说进行宏观层面的剖析。首先,从短篇小说开头与结尾的独特方式出发,探索由此所引发的结构类型(第一、二章);其次,从情节出发,总结短篇小说的结构范式并探讨其美学意义(第三、四章);再次,从表层结构与深层结构对立的角度出发,总结由表及里的机制(第五、六章);最后,讨论故事重写的意义与贡献。 | |
| 461 | 0 | @12001 @a学者文库 |
| 606 | 0 | @a短篇小说@x修辞方法@x研究@y英国 |
| 606 | 0 | @a短篇小说@x修辞方法@x研究@y美国 |
| 690 | @aI561.074@v5 | |
| 690 | @aI712.074@v5 | |
| 701 | 0 | @a宋建福@Asong jian fu@f(1965-)@4著 |
| 801 | 0 | @aCN@bBJSZM@c20210402 |
| 905 | @b1276035-9@dI561.074@e1135@f5 | |
| 英美短篇小说的结构修辞/宋建福著.-长春:吉林大学出版社,2020.05 |
| 251页;25cm.-(学者文库) |
| 汇聚学者科研重要著作传播学者研究最新成果 |
| ISBN 978-7-5692-6521-7(精装):CNY95.00 |
| 本书通过对照的方式,对短篇小说进行宏观层面的剖析。首先,从短篇小说开头与结尾的独特方式出发,探索由此所引发的结构类型(第一、二章);其次,从情节出发,总结短篇小说的结构范式并探讨其美学意义(第三、四章);再次,从表层结构与深层结构对立的角度出发,总结由表及里的机制(第五、六章);最后,讨论故事重写的意义与贡献。 |
| ● |
| 相关链接 |
|
|
|
|
正题名:英美短篇小说的结构修辞
索取号:I561.074/1135
 
预约/预借
| 序号 | 登录号 | 条形码 | 馆藏地/架位号 | 状态 | 备注 |
| 1 | 1276035 | 212760350 | 教育系资料室/ [索取号:I561.074/1135] | 在馆 | |
| 2 | 1276036 | 212760369 | 教育系资料室/ [索取号:I561.074/1135] | 在馆 | |
| 3 | 1276037 | 212760378 | 教育系资料室/ [索取号:I561.074/1135] | 在馆 | |
| 4 | 1276038 | 212760387 | 第二借阅区/ [索取号:I561.074/1135] | 在馆 | |
| 5 | 1276039 | 212760396 | 第二借阅区/ [索取号:I561.074/1135] | 在馆 | |
| 6 | 1289381 | 212893813 | 第一样本阅览室/ [索取号:I561.074/1135] | 在馆 | |
| 7 | 1289382 | 212893822 | 第二借阅区/ [索取号:I561.074/1135] | 在馆 | |
| 8 | 1289383 | 212893831 | 第二借阅区/ [索取号:I561.074/1135] | 在馆 | |
| 9 | 1289384 | 212893840 | 第二借阅区/ [索取号:I561.074/1135] | 在馆 |